Представление документа в формате RUSMARC

ПолеНазваниеЗначение
  Тип записи a
  Библиографический уровень m
001 Контрольный номер RU/CBS_UL/BASE/642677905
005 Дата корректировки 20240209174911.7
010 Индекс ISBN __
a ISBN 978-5-04-099368-0
b Уточнения в пер.
d Цена 697 р. 40 к.
9 Тираж 2 000 экз.
100 Данные общей обработки __
a Данные общей обработки 20160323d2016 ||| 0rusy0189 ca
101 Язык документа 0_
a Язык текста rus
102 Страна публикации __
a Страна публикации RU
105 Кодированные данные (монография) __
a Кодированные данные (монография) y###||||000|y
181 Поле кодированных данных: вид содержания _1
a Код вида содержания (ISBD) i#
b Код характеристики содержания (ISBD) #xxe##
d i
g x
h x
i e
182 Поле кодированных данных: тип средства _1
a Код типа средства (ISBD) n
2 Код системы (источник кода, отличный от ISBD) isbdmedia
200 Заглавие и сведения об ответственности 1_
a Заглавие Роботоделы. Короткое замыкание в школе
b Общее обозначение материала Текст
f Первые сведения об ответственности Т. Эликс, А. Баррио
g Последующие сведения об ответственности пер. с исп. М. В. Нижуриной
w Текст (визуальный) : непосредственный
203 Вид содержания и тип средства __
a Вид содержания Текст
b Характеристика содержания визуальный
c Тип средства непосредственный
210 Выходные данные 1_
a Место издания Москва
c Издательство ЭКСМО
c Издательство Бомбора™
d Дата издания 2019
215 Физическое описание __
a Объем 223 с.
c Иллюстрации/тип воспроизводства ил.
d Формат 24,5 см.
225 Серия 0_
a Серия Программирование для детей
333 Примечание о целевом назначении __
a Примечание о целевом назначении 12+
606 Тематические рубрики 0_
a Основная рубрика Программирование занимательное
610 Ключевые слова 0_
a Ключевые слова компьютеры
a Ключевые слова программирование занимательное
a Ключевые слова вычислительная техника
a Ключевые слова робототехника
a Ключевые слова комиксы обучающие
a Ключевые слова обучение игровое
a Ключевые слова роботы
a Ключевые слова информатика
686 Индексы других классификаций __
a Классификационный индекс 32.973-018
2 Код системы ББК
700 Автор _0
a Фамилия Эликс
b Имя (инициалы) Том
g Полное личное имя Т.
701 Альтернативная интеллектуальная ответственность _0
a Фамилия Баррио
b Имя (инициалы) А.
801 Источник записи _0
a Страна RU
b Организация МБУК ЦБС
c Дата составления 20160323
g Правила каталогизации RCR
801 Источник записи _1
a Страна RU
b Организация МБУК ЦБС г. Ульяновска
c Дата составления 20160323
g Правила каталогизации RCR
899 Данные о местонахождении __
i Авторский знак Э 46
j Расстановочный фильтр 32.97
900 Электронные ресурсы __
a Имя электронного ресурса роботоделы короткое замыкание в школе
901 Тип документа __
t Тип документа m
910 Корректоры записи __
a Корректор записи Хисамова